<?xml version="1.0" encoding="UTF-8"?>
<record
    xmlns:xsi="http://www.w3.org/2001/XMLSchema-instance"
    xsi:schemaLocation="http://www.loc.gov/MARC21/slim http://www.loc.gov/standards/marcxml/schema/MARC21slim.xsd"
    xmlns="http://www.loc.gov/MARC21/slim">

  <leader>01405nam a22002777a 4500</leader>
  <controlfield tag="001">00770</controlfield>
  <controlfield tag="003">DO-SdBPM</controlfield>
  <controlfield tag="005">20241203102759.0</controlfield>
  <controlfield tag="007">00770</controlfield>
  <controlfield tag="008">160712b2009    mx || 00| 0 spa d</controlfield>
  <datafield tag="020" ind1=" " ind2=" ">
    <subfield code="a">9789681913908</subfield>
  </datafield>
  <datafield tag="040" ind1=" " ind2=" ">
    <subfield code="a">DO-SdBPM</subfield>
    <subfield code="b">spa</subfield>
    <subfield code="c">BPMSU</subfield>
  </datafield>
  <datafield tag="082" ind1=" " ind2="4">
    <subfield code="a">863.6</subfield>
    <subfield code="b">A454p 2009</subfield>
    <subfield code="2">22</subfield>
  </datafield>
  <datafield tag="100" ind1="1" ind2=" ">
    <subfield code="a">L. Alonso, Manuel</subfield>
  </datafield>
  <datafield tag="245" ind1="1" ind2="4">
    <subfield code="a">Las pelirrojas traen mala suerte /</subfield>
    <subfield code="c">Manuel L. Alonso</subfield>
  </datafield>
  <datafield tag="260" ind1=" " ind2=" ">
    <subfield code="a">M&#xE9;xico :</subfield>
    <subfield code="b">Santillana Ediciones Generales,</subfield>
    <subfield code="c">2005.</subfield>
  </datafield>
  <datafield tag="300" ind1=" " ind2=" ">
    <subfield code="a">162 p. ;</subfield>
    <subfield code="c">22 cm.</subfield>
  </datafield>
  <datafield tag="490" ind1="0" ind2=" ">
    <subfield code="a">Alfaguara ;</subfield>
    <subfield code="a">Roja </subfield>
  </datafield>
  <datafield tag="490" ind1="1" ind2=" ">
    <subfield code="a">Roja</subfield>
  </datafield>
  <datafield tag="505" ind1="0" ind2=" ">
    <subfield code="a">Mi nombre no importa p&#xE1;gina, 9 / Mis padres no eran peores que otros, 14 / &#xA1;Necesitamos pelas! 21 / Dos cosas, una buena y mala, 28 / No han pasado muchos a&#xF1;os, 35 / Por la ma&#xF1;ana, fuimos paseando, 45 / Salimos de Granada haciendo auto-stop, 55 / Cada paso que d&#xE1;bamos, 64 / Tomando el relevo de las ara&#xF1;as, 70 / Nos fuimos esa misma noche, 84 / De vuelta en Granada, 95 / Nos llevaron a un hotel, 104 / La otra ocupante de la habitaci&#xF3;n, 115 / Fue una sensaci&#xF3;n extra&#xF1;a, 122 / Yo no pod&#xED;a apartar la vista de la pistola, 130 / Teniendo en cuenta las circunstancias, 138 / Como escenario para un crimen, 145 / De nuevo estaba solo, 159.</subfield>
  </datafield>
  <datafield tag="590" ind1=" " ind2=" ">
    <subfield code="a">Inventariado, 2024/VM</subfield>
  </datafield>
  <datafield tag="650" ind1=" " ind2="4">
    <subfield code="a">Novela juvenil espa&#xF1;ola</subfield>
  </datafield>
  <datafield tag="650" ind1=" " ind2="4">
    <subfield code="a">Literatura espa&#xF1;ola </subfield>
  </datafield>
  <datafield tag="910" ind1=" " ind2=" ">
    <subfield code="a">VMateo V. Control de calidad. BPMSU</subfield>
  </datafield>
  <datafield tag="942" ind1=" " ind2=" ">
    <subfield code="2">ddc</subfield>
    <subfield code="c">BK</subfield>
  </datafield>
  <datafield tag="952" ind1=" " ind2=" ">
    <subfield code="0">0</subfield>
    <subfield code="1">0</subfield>
    <subfield code="2">ddc</subfield>
    <subfield code="4">0</subfield>
    <subfield code="7">0</subfield>
    <subfield code="8">CG</subfield>
    <subfield code="a">BPMET</subfield>
    <subfield code="b">BPMET</subfield>
    <subfield code="d">2016-07-12</subfield>
    <subfield code="e">Santillana</subfield>
    <subfield code="l">0</subfield>
    <subfield code="o">BPMSU CG 863.6 A454p 2009</subfield>
    <subfield code="p">BPMSU16070400</subfield>
    <subfield code="r">2016-07-12</subfield>
    <subfield code="w">2016-07-12</subfield>
    <subfield code="y">BK</subfield>
  </datafield>
  <datafield tag="952" ind1=" " ind2=" ">
    <subfield code="0">0</subfield>
    <subfield code="1">0</subfield>
    <subfield code="2">ddc</subfield>
    <subfield code="4">0</subfield>
    <subfield code="7">0</subfield>
    <subfield code="8">CG</subfield>
    <subfield code="a">BPMET</subfield>
    <subfield code="b">BPMET</subfield>
    <subfield code="d">2016-07-12</subfield>
    <subfield code="e">Santillana</subfield>
    <subfield code="l">0</subfield>
    <subfield code="o">BPMSU CG 863.6 A454p 2009</subfield>
    <subfield code="p">BPMSU16070401</subfield>
    <subfield code="r">2016-07-12</subfield>
    <subfield code="t">e.2</subfield>
    <subfield code="w">2016-07-12</subfield>
    <subfield code="y">BK</subfield>
  </datafield>
  <datafield tag="952" ind1=" " ind2=" ">
    <subfield code="0">0</subfield>
    <subfield code="1">0</subfield>
    <subfield code="2">ddc</subfield>
    <subfield code="4">0</subfield>
    <subfield code="7">0</subfield>
    <subfield code="8">CG</subfield>
    <subfield code="a">BPMET</subfield>
    <subfield code="b">BPMET</subfield>
    <subfield code="d">2016-07-12</subfield>
    <subfield code="e">Santillana</subfield>
    <subfield code="l">0</subfield>
    <subfield code="o">BPMSU CG 863.6 A454p 2009</subfield>
    <subfield code="p">BPMSU16070402</subfield>
    <subfield code="r">2016-07-12</subfield>
    <subfield code="t">e.3</subfield>
    <subfield code="w">2016-07-12</subfield>
    <subfield code="y">BK</subfield>
  </datafield>
  <datafield tag="999" ind1=" " ind2=" ">
    <subfield code="c">10833</subfield>
    <subfield code="d">10833</subfield>
  </datafield>
</record>
